Historie elementaire et crítique de Jésus
שמור ב:
| מחבר ראשי: | |
|---|---|
| פורמט: | ספר |
| שפה: | צרפתית |
| יצא לאור: |
París
Michel Lévy Frères
1864
|
| מהדורה: | 2a. ed |
| נושאים: | |
| תגים: |
הוספת תג
אין תגיות, היה/י הראשונ/ה לתייג את הרשומה!
|
MARC
| LEADER | 00000nam a2200000 a 4500 | ||
|---|---|---|---|
| 001 | UCP4619 | ||
| 003 | CL-VaPUC | ||
| 008 | 990806e18640000FR |||||||||||||||||fre|d | ||
| 082 | 0 | 4 | |a 232.901 |b PEY |2 21 |
| 100 | 0 | |a Peyrat, A |e author |9 432186 | |
| 245 | 1 | 0 | |a Historie elementaire et crítique de Jésus |
| 250 | |a 2a. ed | ||
| 300 | |a 351 p | ||
| 942 | |c BK | ||
| 945 | |d 19990806 00:00:00 |a crobeson | ||
| 260 | |a París |b Michel Lévy Frères |c 1864 | ||
| 600 | 0 | |a Jesús |9 313614 | |
| 650 | 0 | |a Cristología |9 315091 | |
| 650 | 0 | |a Historia y crítica |9 257407 | |
| 583 | |a last modification |c 19990806 00:00:00 |k Rodrigo Vera | ||
| 999 | |c 282529 |d 282527 | ||
| 952 | |0 0 |1 0 |4 0 |6 232_901000000000000_PEY_1864 |7 0 |8 X |9 324364 |a BIBHIS |b BIBHIS |d 2019-11-20 |i 1354973 |o 232.901 PEY 1864 |p 1354973 |r 2024-01-30 |w 2019-11-20 |y BK_X |k HIS | ||